[Event "Hessen-ch Seniors op 08th"]
[Site "Bad Sooden-Allendorf"]
[Date "2012.04.20"]
[Round "7"]
[White "Bendisch, Juergen"]
[Black "Dinius, Helmut"]
[Result "1-0"]
[WhiteElo "1947"]
[BlackElo "1778"]
[PlyCount "72"]
[EventDate "2012.04.14"]
[EventType "swiss"]
[EventRounds "9"]
[EventCountry "GER"]
[SourceTitle "EXT 2019"]
[Source "ChessBase"]
[SourceDate "2018.10.10"]
[SourceVersion "1"]
[SourceVersionDate "2018.10.10"]
[SourceQuality "1"]

1. d4 d5 2. Nf3 Nf6 3. Bf4 e6 4. Nbd2 c5 5. dxc5 Bxc5 6. e3 0-0 7. Be2 Nc6 8. 0-0 a6 9. c3 b5 10. a4 bxa4 11. Rxa4 Bb7 12. Qc2 h6 13. Rfa1 a5 14. h3 Bd6 15. Bxd6 Qxd6 16. Nd4 Nxd4 17. exd4 Qb6 18. Nb3 Ra7 19. Rxa5 Rxa5 20. Rxa5 Rb8 21. Rb5 Qa7 22. Nc5 Bc6 23. Rxb8+ Qxb8 24. Qd2 e5 25. dxe5 Qxe5 26. Qe3 Qf5 27. Bd3 Qc8 28. b4 Qa8 29. Qd4 Qa1+ 30. Kh2 Qb2 31. Ba6 Kf8 32. Bb7 Bxb7 33. Nxb7 Ne4 34. Qxd5 Nf6 35. Qd8+ Ne8 36. Nd6 Qe2 1-0

[Event "Hessen-ch Seniors op 08th"]
[Site "Bad Sooden-Allendorf"]
[Date "2012.04.16"]
[Round "3"]
[White "Gerhardt, Peter Michael"]
[Black "Dinius, Helmut"]
[Result "1-0"]
[WhiteElo "2085"]
[BlackElo "1778"]
[PlyCount "57"]
[EventDate "2012.04.14"]
[EventType "swiss"]
[EventRounds "9"]
[EventCountry "GER"]
[SourceTitle "EXT 2019"]
[Source "ChessBase"]
[SourceDate "2018.10.10"]
[SourceVersion "1"]
[SourceVersionDate "2018.10.10"]
[SourceQuality "1"]

1. d4 d5 2. c4 e6 3. Nc3 c6 4. e4 dxe4 5. Nxe4 Be7 6. Nf3 Nf6 7. Bd3 Nxe4 8. Bxe4 h6 9. 0-0 0-0 10. Be3 Na6 11. Rc1 Nc7 12. Bb1 Ne8 13. Qc2 f5 14. Rcd1 Qc7 15. Ne5 Kh7 16. Qe2 g6 17. Qd2 g5 18. Qe2 Ng7 19. f4 Kg8 20. h3 Qd8 21. Qd2 gxf4 22. Bxf4 Bg5 23. Ng6 Re8 24. h4 Bxf4 25. Qxf4 Kh7 26. Ne5 Nh5 27. Qg4 Nf6 28. Qg6+ Kh8 29. Nf7# 1-0

[Event "Bad Bevensen Seniors op 12th"]
[Site "Bad Bevensen"]
[Date "2009.07.14"]
[Round "8"]
[White "Baeumcher, Karl"]
[Black "Dinius, Helmut"]
[Result "1-0"]
[WhiteElo "1450"]
[BlackElo "1536"]
[PlyCount "61"]
[EventDate "2009.07.07"]
[EventType "swiss"]
[EventRounds "9"]
[EventCountry "GER"]
[SourceTitle "EXT 2022"]
[Source "ChessBase"]
[SourceDate "2021.10.06"]
[SourceVersion "1"]
[SourceVersionDate "2021.10.06"]
[SourceQuality "1"]

1. Nf3 d5 2. d4 g6 3. Nbd2 Bg7 4. e3 a6 5. Be2 Nf6 6. 0-0 0-0 7. c4 dxc4 8. Bxc4 Nc6 9. Nb3 Nd5 10. h3 Nb6 11. Bd3 Re8 12. a3 e5 13. dxe5 Nxe5 14. Nxe5 Bxe5 15. e4 Qe7 16. Qc2 c6 17. f4 Bg7 18. Rb1 Qf8 19. Be3 Nd7 20. Nc5 Qd6 21. b4 Bd4 22. Rf3 Bxe3+ 23. Rxe3 Qxf4 24. Rf3 Qe5 25. Rbf1 Re7 26. Bc4 Qg7 27. Rxf7 Rxf7 28. Rxf7 Qd4+ 29. Rf2+ Kh8 30. Ne6 Ne5 31. Nxd4 1-0

[Event "Bad Bevensen Seniors op 12th"]
[Site "Bad Bevensen"]
[Date "2009.07.13"]
[Round "7"]
[White "Dinius, Helmut"]
[Black "Ludwig, Siegfried"]
[Result "1/2-1/2"]
[WhiteElo "1536"]
[BlackElo "1370"]
[PlyCount "61"]
[EventDate "2009.07.07"]
[EventType "swiss"]
[EventRounds "9"]
[EventCountry "GER"]
[SourceTitle "EXT 2022"]
[Source "ChessBase"]
[SourceDate "2021.10.06"]
[SourceVersion "1"]
[SourceVersionDate "2021.10.06"]
[SourceQuality "1"]

1. e4 e5 2. d3 Nf6 3. f4 d6 4. f5 Nc6 5. Nf3 Be7 6. Be2 b6 7. 0-0 d5 8. Nfd2 dxe4 9. Nxe4 Nxe4 10. dxe4 Qxd1 11. Rxd1 Nd4 12. Bd3 Bc5 13. Kh1 0-0 14. Nc3 Bd7 15. a3 a5 16. Bg5 f6 17. Bh4 Kh8 18. Rd2 Bc6 19. Ne2 b5 20. Nxd4 Bxd4 21. c3 Be3 22. Re2 Bf4 23. Be1 Rfd8 24. Bc2 Rd6 25. Rd1 Rxd1 26. Bxd1 Rd8 27. Bc2 b4 28. g3 Bh6 29. axb4 axb4 30. c4 Rd4 31. b3 1/2-1/2

[Event "Bad Bevensen Seniors op 12th"]
[Site "Bad Bevensen"]
[Date "2009.07.08"]
[Round "2"]
[White "Graffenberger, Marianne"]
[Black "Dinius, Helmut"]
[Result "1/2-1/2"]
[WhiteElo "1219"]
[BlackElo "1536"]
[PlyCount "53"]
[EventDate "2009.07.07"]
[EventType "swiss"]
[EventRounds "9"]
[EventCountry "GER"]
[SourceTitle "EXT 2022"]
[Source "ChessBase"]
[SourceDate "2021.10.06"]
[SourceVersion "1"]
[SourceVersionDate "2021.10.06"]
[SourceQuality "1"]

1. e4 c5 2. Nf3 g6 3. c3 d6 4. d4 b6 5. Bb5+ Bd7 6. Bxd7+ Qxd7 7. 0-0 Bg7 8. Re1 e6 9. Bf4 Ne7 10. Nbd2 0-0 11. Nc4 d5 12. exd5 Nxd5 13. Be5 Nc6 14. Bxg7 Kxg7 15. Nfe5 Nxe5 16. Nxe5 Qc7 17. Qd2 Nf6 18. Nf3 Rad8 19. Qe3 c4 20. Qe5 Qxe5 21. Nxe5 Rc8 22. Rac1 Rfd8 23. b4 cxb3 24. axb3 Nd5 25. c4 Nb4 26. Red1 Nc6 27. Nf3 1/2-1/2

[Event "Hessen-ch Seniors op 05th"]
[Site "Bad Sooden-Allendorf"]
[Date "2009.04.26"]
[Round "2"]
[White "Dinius, Helmut"]
[Black "Girod, Gudrun"]
[Result "1/2-1/2"]
[WhiteElo "1587"]
[BlackElo "1298"]
[PlyCount "34"]
[EventDate "2009.04.25"]
[EventType "swiss"]
[EventRounds "9"]
[EventCountry "GER"]
[SourceTitle "EXT 2022"]
[Source "ChessBase"]
[SourceDate "2021.10.06"]
[SourceVersion "1"]
[SourceVersionDate "2021.10.06"]
[SourceQuality "1"]

1. e4 e5 2. d3 Nf6 3. f4 d6 4. f5 h6 5. Nf3 Be7 6. Nc3 c6 7. Be2 Nbd7 8. 0-0 d5 9. a3 dxe4 10. dxe4 0-0 11. Bd3 Bc5+ 12. Kh1 Qe7 13. Qe1 Qd8 14. Be3 Re8 15. Rd1 Bxe3 16. Qxe3 Qb6 17. Qxb6 Nxb6 1/2-1/2

[Event "Hessen-ch Seniors op 04th"]
[Site "Bad Sooden-Allendorf"]
[Date "2008.04.24"]
[Round "1"]
[White "Boehm, Siegfried"]
[Black "Dinius, Helmut"]
[Result "1-0"]
[WhiteElo "1999"]
[BlackElo "1594"]
[PlyCount "111"]
[EventDate "2008.04.24"]
[EventType "swiss"]
[EventRounds "9"]
[EventCountry "GER"]
[SourceTitle "EXT 2022"]
[Source "ChessBase"]
[SourceDate "2021.10.06"]
[SourceVersion "1"]
[SourceVersionDate "2021.10.06"]
[SourceQuality "1"]

1. d4 d5 2. Nf3 Nf6 3. e3 e6 4. Bd3 h6 5. Nbd2 Be7 6. 0-0 0-0 7. Re1 Bd7 8. Ne5 a6 9. Qe2 Nc6 10. Nxd7 Qxd7 11. c3 Na7 12. e4 dxe4 13. Nxe4 Nxe4 14. Qxe4 f5 15. Qxe6+ Qxe6 16. Rxe6 Bd6 17. Bc4 Kh8 18. Bd2 Rae8 19. Rae1 Rxe6 20. Rxe6 Nc8 21. Bd5 c6 22. Bf3 Bb8 23. c4 Nd6 24. b3 Re8 25. Rxe8+ Nxe8 26. d5 cxd5 27. Bxd5 b6 28. g3 Bc7 29. f3 Kh7 30. Bb7 a5 31. Kf2 g5 32. h3 Kg6 33. g4 Nd6 34. Bd5 fxg4 35. hxg4 h5 36. gxh5+ Kxh5 37. Be6 Kg6 38. Bc3 Nb7 39. Ke3 Nc5 40. Bg4 Kf7 41. Kd4 Ke7 42. Kd5 Bd8 43. Bd4 Nd3 44. a3 Nc1 45. b4 axb4 46. axb4 Nd3 47. Bc3 Nf4+ 48. Kc6 Ne6 49. Be5 Nf4 50. Bd6+ Ke8 51. c5 bxc5 52. Bxc5 Kf7 53. Kd7 Bf6 54. b5 Nd5 55. Be6+ Kg6 56. Bxd5 1-0

[Event "Hessen-ch Seniors op 02nd"]
[Site "Bad Sooden-Allendorf"]
[Date "2006.05.03"]
[Round "9"]
[White "Schneidereit, Manfred"]
[Black "Dinius, Helmut"]
[Result "1/2-1/2"]
[WhiteElo "1567"]
[BlackElo "1560"]
[PlyCount "53"]
[EventDate "2006.04.25"]
[EventType "swiss"]
[EventRounds "9"]
[EventCountry "GER"]
[SourceTitle "EXT 2007"]
[Source "ChessBase"]
[SourceDate "2006.11.23"]
[SourceVersion "1"]
[SourceVersionDate "2006.11.23"]
[SourceQuality "1"]

1. Nf3 c5 2. g3 g6 3. c4 Bg7 4. Bg2 Nf6 5. Nc3 0-0 6. d4 cxd4 7. Nxd4 Nc6 8. Nxc6 dxc6 9. 0-0 Be6 10. Qa4 Qc8 11. c5 Nd5 12. Nxd5 Bxd5 13. Rb1 Bxg2 14. Kxg2 Qf5 15. Be3 Qc8 16. Rfd1 Rd8 17. b4 Qc7 18. Bf4 e5 19. Bg5 f6 20. Qb3+ Kf8 21. Be3 Rxd1 22. Rxd1 Rd8 23. Rd6 Re8 24. Qc4 a6 25. a4 Qf7 26. Qxf7+ Kxf7 27. Rd7+ 1/2-1/2

[Event "Hessen-ch Seniors op 02nd"]
[Site "Bad Sooden-Allendorf"]
[Date "2006.05.01"]
[Round "7"]
[White "Rollwitz, Juergen"]
[Black "Dinius, Helmut"]
[Result "0-1"]
[WhiteElo "1785"]
[BlackElo "1560"]
[PlyCount "86"]
[EventDate "2006.04.25"]
[EventType "swiss"]
[EventRounds "9"]
[EventCountry "GER"]
[SourceTitle "EXT 2007"]
[Source "ChessBase"]
[SourceDate "2006.11.23"]
[SourceVersion "1"]
[SourceVersionDate "2006.11.23"]
[SourceQuality "1"]

1. d4 d5 2. Nf3 g6 3. g3 Bg7 4. Bg2 Nf6 5. 0-0 0-0 6. c3 Nbd7 7. Nbd2 c5 8. Re1 Rb8 9. Nf1 e6 10. Bf4 Ra8 11. Qc1 c4 12. Bh6 Qb6 13. Bxg7 Kxg7 14. e3 Qd6 15. N1d2 b5 16. e4 dxe4 17. Nxe4 Nxe4 18. Rxe4 Rb8 19. Re2 Bb7 20. Qe3 a6 21. Rae1 h6 22. a3 Bd5 23. Ne5 Bxg2 24. Nxd7 Qxd7 25. Kxg2 Qd5+ 26. f3 Rb7 27. Qd2 Rc7 28. Re5 Qb7 29. R1e4 Qc8 30. Rh4 Rh8 31. Rhe4 Rf8 32. Rh4 Rh8 33. d5 Rd7 34. Qd4 Kh7 35. Rf4 Rf8 36. Rf6 Qd8 37. Qf4 Kg7 38. Rh5 Rh8 39. Rxe6 fxe6 40. Re5 exd5 41. Re6 Rf8 42. Qg4 Rf6 43. Rxf6 Kxf6 0-1

[Event "Hessen-ch Seniors op 02nd"]
[Site "Bad Sooden-Allendorf"]
[Date "2006.04.26"]
[Round "2"]
[White "Schneider, Miloca"]
[Black "Dinius, Helmut"]
[Result "1-0"]
[WhiteElo "1747"]
[BlackElo "1560"]
[PlyCount "90"]
[EventDate "2006.04.25"]
[EventType "swiss"]
[EventRounds "9"]
[EventCountry "GER"]
[SourceTitle "EXT 2007"]
[Source "ChessBase"]
[SourceDate "2006.11.23"]
[SourceVersion "1"]
[SourceVersionDate "2006.11.23"]
[SourceQuality "1"]

1. d4 d5 2. c4 dxc4 3. e3 e6 4. Bxc4 g6 5. Nf3 Bg7 6. Nc3 Nf6 7. 0-0 0-0 8. Qe2 Nd5 9. Rd1 Nxc3 10. bxc3 c6 11. e4 Qa5 12. Bd2 Nd7 13. Bb3 Qh5 14. Be3 Qa5 15. Rac1 Nf6 16. Bg5 Nd7 17. e5 Re8 18. Nd2 b5 19. Ne4 Bf8 20. h4 h6 21. Bf4 Qd8 22. g3 a5 23. a4 Ba6 24. Qd2 Kh7 25. c4 bxc4 26. Bxc4 Bxc4 27. Rxc4 Ra6 28. Rdc1 Qa8 29. Qc2 Rc8 30. h5 Rc7 31. hxg6+ fxg6 32. Nf6+ Nxf6 33. exf6 Rc8 34. Qe4 Qb7 35. Qxe6 c5 36. Qe2 Rxf6 37. dxc5 Rfc6 38. Bd6 Bg7 39. Qe6 Qb2 40. Qe1 Ra8 41. Rb1 Qf6 42. Rf4 Qd8 43. Rb7 Kh8 44. Rff7 Qg8 45. Qe4 g5 1-0

[Event "Bad Sooden-Allendorf Seniors op 14th"]
[Site "Bad Sooden-Allendorf"]
[Date "2002.04.29"]
[Round "8"]
[White "Dinius, Helmut"]
[Black "Till, Heinz"]
[Result "1-0"]
[WhiteElo "1560"]
[BlackElo "1350"]
[PlyCount "69"]
[EventDate "2002.04.??"]
[EventType "swiss"]
[EventRounds "9"]
[EventCountry "GER"]
[SourceTitle "EXT 2006"]
[Source "ChessBase"]
[SourceDate "2005.11.24"]
[SourceVersion "1"]
[SourceVersionDate "2005.11.24"]
[SourceQuality "1"]

1. e4 d5 2. exd5 Qxd5 3. Nc3 Qa5 4. d3 c6 5. Bd2 e5 6. h3 Nf6 7. Nf3 Bf5 8. a3 Qc7 9. Be2 Nbd7 10. 0-0 Be7 11. Be3 0-0 12. Nh2 Bd6 13. Nf3 h6 14. b4 Nh5 15. Ne4 Nf4 16. Bxf4 exf4 17. Nxd6 Qxd6 18. Nh2 Rae8 19. Bg4 Re5 20. Qd2 Rd5 21. Rfe1 Nf6 22. Bf3 Rd4 23. Re2 Re8 24. Rxe8+ Nxe8 25. Re1 Nf6 26. Qc3 Bc8 27. Kf1 Kf8 28. Kg1 h5 29. Nf1 g6 30. Nd2 Qd8 31. Nb3 Rd6 32. Nd2 Re6 33. Rxe6 Bxe6 34. Qe5 Qe7 35. Ne4 1-0